Quick Pick: '90s Question Songs Quiz Stats

 Plays Quiz Updated Aug 9, 2018

Challenge
Share
Tweet
Embed
Score 0/10 Timer 01:00
0 Plays Today
% Correct
Bryan Adams
76.7%
Lenny Kravitz
73.3%
Blink-182
68.8%
R.E.M.
68.3%
Haddaway
67.1%
4 Non Blondes
62.5%
Brandy
51.8%
Tupac Shakur
51.1%
U2
50.6%
Nirvana
43.2%

Today's Daily Dose

Missing Word
Madam, I'm Adam

Quick Pick
Meat vs Animal

On This Day
October 21st II

You're not logged in!

Compare scores with friends on all Sporcle quizzes.
Join for Free
OR
Log In

You Might Also Like...

Show Comments

Extras

Top Quizzes Today


Score Distribution

Your Account Isn't Verified!

In order to create a playlist on Sporcle, you need to verify the email address you used during registration. Go to your Sporcle Settings to finish the process.

Report this User

Report this user for behavior that violates our Community Guidelines.

Details: